Music Quiz

Random Music or Clip Quiz

MOOK'S MUSIC CLIPS D Quiz Stats

 Plays Quiz not verified by Sporcle

Score 0/34 Timer 15:00
0 Plays Today
APPROX TIME SONG % Correct
5:41-5:54You're Still the One
70.4%
1:29-1:43Two Tickets to Paradise
51.9%
2:11-2:23King of Wishful Thinking
51.9%
2:50-3:02Need You Tonight
48.1%
0:00-0:11The Kill
44.4%
0:12-0:18For Those About To Rock (We Salute You)
38.9%
3:10-3:25Aserejé (The Ketchup Song)
37%
0:40-0:48Would I Lie To You
35.2%
0:19-0:28Hands Clean
27.8%
6:35-6:53The Kids Aren't Alright
27.8%
5:55-6:05Disarm
25.9%
7:07-7:16Your Woman
25.9%
4:03-4:19The Cave
24.1%
0:29-0:39A Matter Of Trust
20.4%
4:40-4:59Morning Glory
20.4%
2:24-2:35Hitchin' a Ride
18.5%
3:37-3:46Show Me Heaven
16.7%
APPROX TIME SONG % Correct
5:34-5:40Affirmation
14.8%
6:22-6:34Spaceman
14.8%
3:26-3:36Life Goes On
13%
4:20-4:39Sunrise
13%
1:06-1:14Volare
11.1%
1:59-2:10Wheels
11.1%
5:17-5:33Special K
11.1%
7:17-ENDVelcro Fly
9.3%
1:44-1:58Black Fingernails, Red Wine
7.4%
5:00-5:16Opportunity
7.4%
1:15-1:28Not Me Not I
5.6%
2:36-2:49What's My Scene
5.6%
6:06-6:21I'll Be Your Shelter
5.6%
3:47-4:02Love...Thy Will Be Done
3.7%
0:49-1:05Cheap Wine
1.9%
3:03-3:09She's a Genius
1.9%
6:54-7:06This Is Who I Am
1.9%

You're not logged in!

Compare scores with friends on all Sporcle quizzes.
OR
Log In

Sporcle TV

Today on Sporcle TV


Watch our educational content, quiz creation guides, and fun videos on Sporcle TV.

Show Comments

Extras

Top Quizzes Today


Score Distribution

Your Account Isn't Verified!

In order to create a playlist on Sporcle, you need to verify the email address you used during registration. Go to your Sporcle Settings to finish the process.

Report this User

Report this user for behavior that violates our Community Guidelines.

Details: